000 00786nam a22002417a 4500
003 0
005 20250923132951.0
008 250923b xxu||||| |||| 00| 0 eng d
020 _a978-0-357-71474-4
050 _aHG 173
_b.M39 2024
100 _aMayo, Herbert B.,
_eauthor.
245 _aBasic finance :
_ban introduction to financial institutions, investments, and management /
_cHerbert B. Mayo and Michael J. Lavelle.
250 _aThirteenth edition.
260 _aBoston, MA :
_bCengage,
_c2024.
300 _axxii, 727 pages :
_billustrations ;
_c26 cm.
504 _aIncludes index.
650 _aFinance.
650 _aFinancial institutions.
650 _aInvestments.
650 _aFinancial management.
700 _aLavelle, Michael J.,
_eauthor.
942 _2lcc
_cBK
999 _c368077
_d368077